Guía práctica para elaborar citas y referencias bibliográficas : adaptado del estilo CMS
Na minha lista:
| Autor principal: | |
|---|---|
| Formato: | Livro |
| Publicado em: |
[san José], Costa Rica : Editorial UCR
2013
|
| coleção: | Manuales de bibliotecología 3
|
| Assuntos: | |
| Tags: |
Adicionar Tag
Sem tags, seja o primeiro a adicionar uma tag!
|
MARC
| LEADER | 00000nam a2200000Ia 4500 | ||
|---|---|---|---|
| 003 | L000806 | ||
| 005 | 20221231144016.0 | ||
| 008 | 140114s2013 c a 000 ||s d | ||
| 040 | |c cru CEDI | ||
| 082 | |a 808.027 G643g | ||
| 100 | |a González Arrieta, Ruth |9 18347 | ||
| 245 | |a Guía práctica para elaborar citas y referencias bibliográficas : adaptado del estilo CMS | ||
| 260 | |a [san José], Costa Rica : Editorial UCR |c 2013 | ||
| 300 | |a xiv, 70 páginas : ilustraciones en blanco y negro. | ||
| 440 | |a Manuales de bibliotecología 3 |9 18348 | ||
| 650 | |x CITAS BIBLIOGRAFICAS - GUIAS |x BIOLOGIA |x CITAS BIBLIOGRAFICAS - NORMAS TECNICAS |x BIOQUIMICA |x QUIMICA |x CHICAGO MANUAL OF STYLE |x FISICA |x GEOGRAFIA |9 18350 | ||
| 942 | |2 ddc |c BK | ||
| 999 | |c 15541 |d 15541 | ||
